Digital control of dynamic systems /

Guardado en:
Autor Principal: Franklin, Gene F.
Otros Autores: Powell, J. David, 1938-
Formato: Libro
Idioma:English
Publicado: Reading, Mass. : Addison-Wesley Pub. Co., c1980.
Materias:
Etiquetas: Agregar Etiqueta
Sin Etiquetas, Sea el primero en etiquetar este registro!
LEADER 00770cam a22002295a 4500
001 EIQ.libpla001535
008 790613s1980####maua#####b####001#0#eng#d
005 20061102193908.0
245 1 0 |a Digital control of dynamic systems /  |c Gene F. Franklin, J. David Powell. 
260 |a Reading, Mass. :  |b Addison-Wesley Pub. Co.,  |c c1980. 
300 |a xvi, 335 p. :  |b il. ;  |c 24 cm. 
504 |a Bibliografía: p. 327-330. 
500 |a Incluye índice. 
020 |a 0201028913 
100 1 |a Franklin, Gene F. 
700 1 |a Powell, J. David,  |d 1938- 
082 0 0 |a 629.8/95 
650 4 |a Sistemas dinámicos  |x Control digital. 
650 4 |a Dynamics systems  |x Digital control. 
010 |a  79016377  
040 |a DLC  |c DLC  |d AR-BbSID 
859 |a AR-BbSID  |b BIB. PLAPIQUI  |h 629.895  |i F 1  |p 2647